| 000 | 00817cam a2200253 a 4500 | ||
|---|---|---|---|
| 001 | 000004596 | ||
| 005 | 20200929151452.0 | ||
| 008 | 920310s2000 sp 000 0 spa | ||
| 020 | _a8437609666 | ||
| 040 |
_aDO-SdBNP _bspa _cBNPHU |
||
| 082 |
_a862.6 _bS252t, 2000. |
||
| 100 | 1 |
_aSastre, Alfonso, _d1926- _913407 |
|
| 245 | 1 | 3 |
_aLa taberna fantástica : _btragedia fantástica de la gitana Celestina / _cAlfonso Sastre ; edición de Mariano de Paco. |
| 250 | _a5a ed. | ||
| 260 |
_aMadrid : _bCátedra, _c2000. |
||
| 300 |
_a275 p. : _bil. ; _c18 cm. |
||
| 490 | 1 |
_aLetras hispánicas _v327 |
|
| 650 | 4 |
_aTeatro español _93071 |
|
| 650 | 4 |
_aLiteratura española _9632 |
|
| 700 | 1 |
_aPaco, Mariano de, _eed. _913408 |
|
| 830 | 0 |
_aLetras hispánicas ; _v327 _94208 |
|
| 910 | _aCatalogación derivada | ||
| 910 | _aWM | ||
| 999 |
_c4404 _d4404 |
||